Historia Polski - Kampania Wrześniowa - Statystyki

Ogólne statystyki
  • Ten quiz został rozwiązany 42 razy
    40 od ostatniego zresetowania
  • Średni wynik to 7 z 19
Statystyki odpowiedzi
Pytanie Odpowiedź % Poprawnych
Kiedy rozpoczęła się Kampania Wrześniowa? 1 września 1939
88%
Które wydarzenie uznaje się za symboliczne rozpoczęcie II Wojny Światowej? Ostrzał Westerplatte
69%
Kto wypowiedział słynne słowa " My w Polsce nie znamy pojęcia pokoju za wszelką cenę..." podczas obrad parlamentu 5 maja 1939? Józef Beck
62%
Kiedy ZSRR zaatakował Polskę, pod pretekstem ochrony narodowości Białoruskiej i Ukraińskiej? 17 września 1939
54%
Kiedy Wielka Brytania i Francja wypowiedziały wojnę III Rzeszy? 3 września 1939
54%
Kto był naczelnym dowódcą wojsk Polski podczas Kampanii Wrześniowej? Edward Rydz-Śmigły
54%
Jak nazywał się tajny pakt, dzielący Europę na strefy wpływów, podpisany przez III Rzesze i ZSRR? Pakt Ribbentrop-Mołotow
50%
Jak nazywa się prowokacja niemiecka, która stała się pretekstem do ataku na Polskę? Prowokacja Gliwicka
42%
Jak nazywa się ostatnia bitwa Kampanii Wrześniowej zakończona 6 października? Bitwa pod Kockiem
35%
Jak zaczęto nazywać działania wojskowe tych krajów we wrześniu 1939? Dziwna Wojna
35%
W którym dniu upadła Warszawa po prawie 3 tygodniowym oblężeniu? 28 września 1939
31%
Jak nazywa się państwo wasalne utworzone z większości terytoriów przypadających III Rzeszy? Generalne Gubernatorstwo
31%
Jak nazywa się 2 tygodniowa bitwa która opóźniła atak niemiecki na Warszawę? Bitwa nad Bzurą
27%
W którym mieście głównie Polscy cywile podjęli się heroicznej obrony przed Armią Czerwoną? Lwów/Grodno
23%
Jaki kryptonim przyjął plan obronny Polski? Plan Z
15%
Jak nazywa się jedna z niewielu wygranych przez Polaków bitew, która odbyła się 3 września 1939? (Polacy wygrali przy wykorzystaniu pociągu pancernego) Bitwa pod Mokrą
12%
Jaki tytuł nosił ten dowódca? Naczelny Wódz
12%
Jak nazywa się formacja wojskowa która walczyła w tej bitwie? SGO "Polesie"
12%
Kto był ministrem spraw zagranicznych III Rzeszy w dniu podpisania paktu? Joahim von Ribbentrop
4%
Nie znaleziono quizów pasujących do podanych kryteriów
Rozkład punktacji
Procent ludzi z każdym wynikiem
Percentyl według liczby udzielonych odpowiedzi
Twoja historia wyników
Nie rozwiązałeś tego quizu od ostatniego zresetowania